Midwest jobs picture : strategies to rebuild communities : field hearing of the Committee on Health, Education, Labor, and Pensions, United States Senate, One Hundred Tenth Congress, second session, on examining the Midwest jobs picture, focusing on strategies to rebuild communities, October 8, 2008.

Bibliographic Details
Corporate Author: United States. Congress. Senate. Committee on Health, Education, Labor, and Pensions
Format: Government Document eBook
Language:English
Published: Washington : U.S. G.P.O., 2010.
Series:S. hrg. ; 110-986
Subjects:
Online Access:Electronic resource (PDF)
Electronic resource (PDF)

MARC

Tag First Indicator Second Indicator Subfields
LEADER 00000cam a22000001a 4500
001 in00004100375
005 20200117091254.0
006 m d f
007 cr bn mmmapmmp
008 100712s2010 dcu ob f000 0 eng d
035 |a chdc201001295 
040 |a UMI  |c UMI  |d UtOrBLW 
042 |a pcc 
043 |a n-us-oh  |a n-us--- 
074 |a 1043-A 
086 0 |a Y 4.L 11/4:S.HRG.110-986/ 
099 |a HRG-2008-HEL-0027 (pt.1) 
110 1 |a United States.  |b Congress.  |b Senate.  |b Committee on Health, Education, Labor, and Pensions.  |0 http://id.loc.gov/authorities/names/no99015568 
245 1 0 |a Midwest jobs picture :  |b strategies to rebuild communities : field hearing of the Committee on Health, Education, Labor, and Pensions, United States Senate, One Hundred Tenth Congress, second session, on examining the Midwest jobs picture, focusing on strategies to rebuild communities, October 8, 2008. 
264 1 |a Washington :  |b U.S. G.P.O.,  |c 2010. 
264 2 |a Washington :  |b For sale by the Supt. of Docs., U.S. G.P.O. 
300 |a 2 volumes, digital, PDF file. 
336 |a text  |b txt  |2 rdacontent 
337 |a computer  |b c  |2 rdamedia 
338 |a online resource  |b cr  |2 rdacarrier 
490 1 |a S. hrg. ;  |v 110-986 
500 |a "Toledo, OH"--Pt. 1. 
500 |a "Dayton, OH"--Pt. 2. 
500 |a Shipping list nos.: 2010-0162-P (pt. 1), 2010-0166-P (pt. 2). 
504 |a Includes bibliographical references. 
500 |a Record is based on bibliographic data in ProQuest Congressional Hearings Digital Collection. Reuse except for individual research requires license from ProQuest, LLC. 
500 |a Electronic resource. 
533 |a Electronic reproduction.  |b [Bethesda, Md.] :  |c ProQuest,  |d 2010.  |e digital, PDF file.  |n ProQuest U.S. Congressional Hearings Digital Collection.  |n Mode of access: World Wide Web via ProQuest website. 
538 |a System requirements: PDF reader software. 
650 0 |a Unemployment  |z Ohio. 
650 0 |a Job creation  |z Ohio. 
650 0 |a Economic stabilization  |z Ohio. 
650 0 |a Full employment policies  |z United States.  |0 http://id.loc.gov/authorities/subjects/sh2008104204 
776 0 8 |i Print version:   |a United States. Congress. Senate. Committee on Health, Education, Labor, and Pensions.  |t Midwest jobs picture  |w 9780160853302 (pt.1)  |w 0160853303 (pt.1)  |w 9780160853319 (pt.2)  |w 0160853311 (pt.2)  |w (OCoLC)558587990  |z 2010443019 
776 0 8 |i Microfiche version:   |a United States. Congress. Senate. Committee on Health, Education, Labor, and Pensions.  |t Midwest jobs picture  |d [Bethesda, Md.] : ProQuest,[2010]  |o CIS 2010 S431-22 (pt.2)  |o CIS 2010 S431-21 (pt.1)  |w (ProQuest)cis01003254  
810 1 |a United States.  |b Congress.  |b Senate.  |t S. hrg. ;  |v 110-986.  |0 http://id.loc.gov/authorities/names/n83707917 
856 4 0 |u http://proxy.library.tamu.edu/login?url=http://search.proquest.com/congcomp/getdoc?HEARING-ID=HRG-2008-HEL-0028  |3 pt.2  |y Electronic resource (PDF)  |t 0 
856 4 0 |u http://search.proquest.com/congcomp/getdoc?HEARING-ID=HRG-2008-HEL-0027  |3 pt.1  |y Electronic resource (PDF)  |t 0 
998 |a cis01003254  
999 f f |s 405d8e7c-c66b-3ce4-9493-9f4a652f41f0  |i 45b254ea-86fb-3f75-a659-0e122e7cca13  |t 0 
952 f f |a Texas A&M University  |b College Station  |c Electronic Resources  |d Available Online  |t 0  |e Y 4.L 11/4:S.HRG.110-986/  |h Superintendent of Documents classification 
998 f f |a Y 4.L 11/4:S.HRG.110-986/  |t 0  |l Available Online